000 00673nam a2200205 i 4500
001 44572
003 ES-MaACL
005 20250814065125.0
007 t|
008 030321s1912 fr ||||1| fre d
100 1 _aClerget, Pierre.
_939224
245 1 0 _aGéographie economique
_b: l'exploitation rationnelle du globe /
_cpar Pierre Clerget.
260 _aParís :
_bOctave Doin et Fils,
_c1912 (
_eSaint Amand :
_fBussière)
300 _aVIII, XII, 473 p. ;
_c19 cm.
490 1 _aEncyclopédie scientifique
650 0 7 _aGeografía económica
_2embne
_913077
830 0 _aEncyclopédie scientifique
_9180883
852 _aES-MaACL
_jD-3785
999 _c44572
_d44572